| 000 | 01360nam a2200337 i 4500 | ||
|---|---|---|---|
| 001 | 768714001 | ||
| 003 | CO-MdFUSB | ||
| 005 | 20240531062748.0 | ||
| 007 | ta | ||
| 008 | 200924t1996 -us |||| |||| 00| 0 eng d | ||
| 020 | _a0785278397 | ||
| 040 |
_aCO-MdFUSB _bspa _cCO-MdFUSB _dCO-MdFUSBC _erda |
||
| 041 | _aeng | ||
| 082 |
_223 _a248.842 _bM135 |
||
| 100 |
_aMacDonald, Gordon, _eautor |
||
| 245 |
_aWhen men think private thoughts _c/ Gordon MacDonald |
||
| 264 | 1 |
_aNashville : _bThomas Nelson, _c[1996] |
|
| 264 | 4 | _c© 1996 | |
| 300 |
_a249 páginas _c; 23 cm |
||
| 336 |
_2rdacontent _atexto _btxt |
||
| 337 |
_2rdamedia _asin mediación _bn |
||
| 338 |
_2rdacarrier _avolumen _bnc |
||
| 505 | _aQué significa ser un "hombre de verdad" - Los misterios de la intimidad - La intimidad sexual - Las confusiones de la sexualidad - Encontrar un padre - La incomodidad de los sentimientos - La búsqueda de amistades - Lamentaciones de la vida - Qué una esposa realmente quiere - Qué significan las señales de tormenta - La gestión de sí mismo - La formación del carácter - El significado del trabajo - El significado del legado. | ||
| 563 | _aRústico | ||
| 650 | 7 |
_aCristianismo _2 _922 |
|
| 650 | 0 |
_919 _aVida cristiana |
|
| 650 | 0 |
_91269 _aHombres (Teología cristiana) |
|
| 942 | _cBK | ||
| 945 | _aJTF-925 | ||
| 999 |
_c66605 _d66605 |
||